Library of the University of Algiers 3
Ibrahim Sultan Cheibout
شعار جامعة الجزائر 3
مكتبة جامعة الجزائر 3
إبراهيم سلطان شيبوط

بعض الطرق الكمية في مجال الأعمال / (رقم التسجيلة. 45515)

تفاصيل مارك
000 -LEADER
fixed length control field 01114nam a2200193Ia 4500
003 - CONTROL NUMBER IDENTIFIER
control field Ost
005 - DATE AND TIME OF LATEST TRANSACTION
control field 20260507075647.0
008 - FIXED-LENGTH DATA ELEMENTS--GENERAL INFORMATION
fixed length control field 260507s9999||||xx |||||||||||||| ||und||
040 ## - CATALOGING SOURCE
Transcribing agency fsecg
041 ## - LANGUAGE CODE
Language code of text/sound track or separate title ara
082 ## - DEWEY DECIMAL CLASSIFICATION NUMBER
Classification number 658.3022
100 ## - MAIN ENTRY--PERSONAL NAME
Personal name السيد، إسماعيل
Relator term مؤلف
245 #0 - TITLE STATEMENT
Title بعض الطرق الكمية في مجال الأعمال /
Statement of responsibility, etc. إسماعيل السيد
260 ## - PUBLICATION, DISTRIBUTION, ETC.
Place of publication, distribution, etc. الإسكندرية:
Name of publisher, distributor, etc. الدار الجامعية,
Date of publication, distribution, etc. 1999
300 ## - PHYSICAL DESCRIPTION
Extent 466 صفحة؛
Other physical details إيضاحات ؛
Dimensions 24 سم
520 ## - SUMMARY, ETC.
Summary, etc. أسلوب البرمجة الخطية- إيجاد الحل لنماذج البرمجة الخطية- وتحليل الحساسية- جدولة المشروعات بإستخدام أسلوبي تقييم ومراجعة البرامج- أساسيات تحليل القرار وإتخاذه- شجرة القرارات ونظرية المنفعة وإتخاذ القرار في ظل العوامل المتعددة- نظرية المباريات ذات المجموع الصفري.
653 ## - INDEX TERM--UNCONTROLLED
Uncontrolled term إدارة الأعمال- النماذج الإحصائية
942 ## - ADDED ENTRY ELEMENTS (KOHA)
Koha item type كتب
المقتنيات
Withdrawn status Lost status Source of classification or shelving scheme Damaged status Not for loan Home library Current library Date acquired Serial enumeration / chronology Inventory number Total checkouts Full call number Barcode Date last seen Price effective from Koha item type
    Library of Congress Classification   NOT LOAN / إعارة داخلية مكتبة كلية العلوم الإقتصادية والعلوم التجارية وعلوم التسيير مكتبة كلية العلوم الإقتصادية والعلوم التجارية وعلوم التسيير 07/05/2026 الطابق الأرضي 1/1641   أ/1641ن1 1/1641 07/05/2026 07/05/2026 كتب

موارد الويب المفتوحة


© University of Algiers 3 All Rights Reserved
|
Implemented by LECHELAH Riad